[Event "46. Sparkassen Chess-Meeting 2018"]
[Site "Dortmund"]
[Date "2018.07.17"]
[Round "3"]
[White "Giri, Anish"]
[Black "Kovalev, Vladislav"]
[Result "0-1"]
[WhiteElo "2782"]
[BlackElo "2655"]
[Annotator "TA"]
[PlyCount "146"]
[EventDate "2018.07.14"]
[EventType "tourn"]
[EventCountry "GER"]
[SourceTitle "playchess.com"]
[Source "ChessBase"]
[SourceQuality "1"]

{[%evp 14,146,24,22,38,31,35,24,46,26,30,0,0,0,0,0,0,-4,27,19,21,0,24,30,31,14,27,25,12,22,27,27,35,27,29,20,31,18,18,18,21,14,21,18,21,15,20,0,22,21,21,21,21,0,21,22,23,-69,-67,-68,-76,-70,-74,-75,-81,-81,-81,-91,-50,-43,0,-83,-70,-157,-141,-146,-62,-62,-10,-18,0,0,0,0,0,0,0,0,0,0,0,0,0,-59,0,0,0,-59,-59,-84,-89,-112,-112,-112,0,0,0,-93,-92,-107,-85,-93,-93,-88,-79,-93,-87,-91,-108,-500,-512,-488,-490,-409,-362,-425,-411,-29966,-29967,-29967,-29968,-29967,-29968,-29962,-29949]} 1. e4 c5 2. Nf3 Nf6 3. e5 Nd5 4. Nc3 e6 5. Nxd5 exd5 6. d4 Nc6 7. c3 cxd4 {B29: Sizilianisch (Rubinstein-Variante)} (7... d6 8. Bb5 Be7 9. exd6 Bxd6 10. dxc5 Bxc5 11. Qe2+ Be6 12. Be3 Bxe3 13. Qxe3 O-O 14. O-O Bg4 15. Rad1 Re8 {1-0 (40) Salgado Lopez,I (2615)-Kantans,T (2514) Reykjavik 2015}) 8. Nxd4 {LiveBook: 4 Partien} d6 9. Bb5 Bd7 {Weiß steht etwas besser.} 10. exd6 Bxd6 11. O-O O-O 12. Nb3 $146 ({Vorgänger:} 12. f4 Re8 13. Kh1 Bf8 14. Nf3 Bg4 15. h3 Bf5 {1-0 (34) Repa,J-Lukic,L Winnipeg 1997}) 12... a6 13. Be2 Qc7 14. h3 Rfe8 15. Re1 Re5 16. Be3 Rae8 17. Bd3 g6 18. Qd2 Qd8 19. Nd4 Nxd4 20. Bxd4 Rxe1+ 21. Rxe1 Rxe1+ 22. Qxe1 Qe8 23. Qd2 Be5 24. Be3 Qe6 25. f4 Bf6 26. a3 h5 27. Bc2 Bc6 28. Bf2 Qe7 29. Bd1 Qe6 30. Bc2 Qe7 31. Bb6 Qe6 32. Qf2 Qe8 33. Qd2 Qe6 34. Bc5 Qe8 35. Qd1 (35. Kf2 $11) 35... d4 $1 $15 36. Qd2 $1 (36. Bxd4 $2 Bxd4+ 37. cxd4 Qe3+ 38. Kh2 Qxf4+ 39. Kh1 Qg5 $19) 36... dxc3 37. bxc3 Qe6 38. Bd4 Bxd4+ 39. cxd4 Qa2 {Und ...Le4! würde nun gewinnen.} 40. Qc3 Qd5 {[%csl Gc6][%cal Rd5g2]} 41. Qd2 Qa2 {Und weiter mit ...Le4! wäre nett.} 42. Qc3 $1 h4 43. Kh1 {[#]} (43. Qd3 $15) 43... a5 $1 $17 {[%mdl 512]} 44. a4 (44. Qxa5 Qxc2) 44... Qd5 ({Günstiger ist} 44... Bxa4 $17 45. Bxa4 Qxa4) 45. Qd2 $15 b6 (45... Kg7 $15) 46. f5 $1 $11 Kg7 47. fxg6 fxg6 48. Bd1 Qf5 49. Kg1 Bd5 50. Bc2 Qf6 51. Qe3 g5 52. Bd3 Kh6 53. Bc2 ({Besser ist} 53. Be2 $11) 53... Kg7 (53... Qf4 $15 54. Qf2 Qxf2+ 55. Kxf2 Kg7) 54. Bd3 Kh6 (54... Bc6 $11) 55. Bc2 $15 Qf4 56. Qd3 {[%csl Gc2][%cal Rd3h7]} Kg7 57. Qg6+ Kf8 58. Qd3 Kg7 59. Qg6+ $1 Kf8 {( -> ...De3+)} 60. Qd3 Ke7 61. Bd1 Qe4 {[%csl Gd5][%cal Re4g2]} 62. Qd2 Kd6 63. Bc2 Qf4 64. Qd3 Kc7 65. Qh7+ Kb8 66. Qd3 $2 {[%mdl 8192] [#]} (66. Qh8+ $17 {war die entscheidende Verteidigung.} Ka7 67. Qh7+ Bb7 68. Qd3) 66... g4 $1 $19 67. hxg4 Qxg4 {[%csl Gd5][%cal Rg4g2]} 68. Qg6 Qxd4+ 69. Kh1 Bb7 70. Qe8+ (70. Kh2 $19) 70... Ka7 {Schwarz setzt Matt.} 71. Bf5 Qd1+ 72. Kh2 Qd6+ 73. Kh1 Qg3 {Precision: Weiß = 44%, Schwarz = 69%.} 0-1

[Event "46. Sparkassen Chess-Meeting 2018"]
[Site "Dortmund"]
[Date "2018.07.17"]
[Round "3"]
[White "Nepomniachtchi, Ian"]
[Black "Nisipeanu, Liviu-Dieter"]
[Result "1-0"]
[WhiteElo "2757"]
[BlackElo "2672"]
[Annotator "TA"]
[PlyCount "99"]
[EventDate "2018.07.14"]
[EventType "tourn"]
[EventCountry "GER"]
[SourceTitle "playchess.com"]
[Source "ChessBase"]
[SourceQuality "1"]

{[%evp 24,99,17,29,33,0,13,0,20,-7,34,31,28,24,35,0,10,0,11,3,35,33,38,37,35,29,94,81,82,85,94,100,108,99,99,96,95,100,130,121,165,162,160,145,162,143,148,141,169,168,164,173,169,162,167,166,189,192,199,199,217,221,221,214,310,304,311,290,399,401,462,611,587,587,510,590,473,517]} 1. c4 e6 2. Nc3 d5 3. d4 Nf6 4. cxd5 exd5 5. Bg5 c6 6. Qc2 Be7 7. e3 Nbd7 8. Bd3 h6 9. Bh4 Nh5 10. Bxe7 {D36: Queen's Gambit Declined: Exchange Variation: Main line (5 Bg5 c6 6 Qc2)} Qxe7 11. O-O-O {[%cal Be1c1,Bc1b1,Bb1a1][%mdl 32]} Nb6 12. Nf3 (12. Kb1 Nf6 13. Rc1 Be6 14. Nf3 O-O-O 15. Na4 Nfd7 16. Nc5 Nxc5 17. dxc5 Nc4 {1-0 (45) Rodshtein,M (2695)-Brunello,S (2555) Douglas 2017}) 12... Nf6 13. Kb1 {LiveBook: 4 Games} Be6 {[#]} 14. Ka1 $146 ({Predecessor:} 14. Nd2 O-O-O 15. Nb3 {½-½ (25) Werle,J (2526)-Stern,R (2522) Germany 2018}) 14... O-O-O 15. Na4 Kb8 16. Rc1 Rhe8 17. Nc5 Bc8 18. b4 Ne4 19. a4 {[%cal Ba2a4,Ba4a5][%mdl 32]} Nd6 20. Nd2 Qf6 21. Rhf1 Bf5 (21... Qe7 {is more complex.} 22. Qb2 Nd7 23. Rg1 Ka8 24. a5 a6) 22. Bxf5 Qxf5 23. Qxf5 Nxf5 24. a5 Nd7 {[#]} (24... Na8 $1 $11 {keeps the balance.}) 25. a6 $1 $16 Nxc5 26. bxc5 Kc7 27. axb7 Rb8 28. Kb2 Rxb7+ 29. Kc3 Rb5 30. Ra1 Kb7 31. Ra2 Ne7 32. Rfa1 Ra8 33. Nb1 Kb8 34. Ra6 Kb7 {[#] ...Rxb1! is the strong threat.} 35. R6a4 {Strongly threatening Na3.} Kb8 36. Na3 Rb7 37. Ra6 Kc7 38. Nc2 Kd7 39. Nb4 f6 40. f3 f5 41. Nd3 Ke6 42. Ne5 Rc7 43. g4 fxg4 (43... Kf6 {was called for.} 44. h4 g6 45. gxf5 Kxf5) 44. fxg4 $18 h5 45. h3 {[%cal Bh2h3,Bh3g4,Bg4g5,Bg5g6][%mdl 32]} hxg4 46. hxg4 Kf6 47. Rf1+ {White is clearly winning.} Ke6 48. Rf7 Rg8 49. g5 Rb7 50. g6 {Precision: White = 72%, Black = 43%.} 1-0

[Event "46. Sparkassen Chess-Meeting 2018"]
[Site "Dortmund"]
[Date "2018.07.17"]
[Round "3"]
[White "Duda, Jan-Krzysztof"]
[Black "Wojtaszek, Radoslaw"]
[Result "1-0"]
[WhiteElo "2737"]
[BlackElo "2733"]
[Annotator "TA"]
[PlyCount "79"]
[EventDate "2018.07.14"]
[EventType "tourn"]
[EventCountry "GER"]
[SourceTitle "playchess.com"]
[Source "ChessBase"]
[SourceQuality "1"]

{[%evp 12,79,20,18,34,31,23,14,22,15,14,-14,-14,-25,0,0,0,0,0,-5,0,-56,0,0,27,25,35,27,29,29,16,22,17,8,112,106,274,271,277,273,292,197,251,250,238,214,234,221,216,180,274,249,254,238,269,268,274,274,274,274,268,258,283,277,303,297,496,480,466,322]} 1. d4 Nf6 2. Bg5 d5 3. Bxf6 gxf6 4. c4 dxc4 5. e3 c5 6. d5 {D00: 1 d4 d5: Unusual lines} (6. Nc3 cxd4 7. Bxc4 Bg7 8. Qh5 e6 9. O-O-O f5 10. exd4 Qc7 11. Bb5+ Bd7 12. Bxd7+ Nxd7 {0-1 (57) Fier,A (2614)-Gajewski,G (2621) St Petersburg 2016}) 6... Bg7 7. Bxc4 {LiveBook: 3 Games} f5 8. Nc3 {White is slightly better.} Nd7 9. Nge2 a6 10. a4 Ne5 11. Ba2 O-O 12. O-O $146 ({Predecessor:} 12. Qc2 e6 {0-1 (32) Haigh,T (1810)-Scott,L (2016) Novi Sad 2016}) 12... Rb8 13. Ng3 b5 14. axb5 axb5 15. Qc2 Qd6 16. Nce2 ({White should play} 16. Nxf5 $11 Nf3+ 17. gxf3 Qg6+ 18. Kh1 Bxf5 19. e4) 16... b4 (16... Ra8 $1 $15) 17. Rac1 $11 b3 18. Bxb3 c4 19. Bxc4 {And now b3 would win.} Rxb2 $1 20. Qd1 $1 ({Don't play} 20. Qxb2 Nf3+ 21. gxf3 Bxb2 $15) 20... Qb4 21. Nd4 Nxc4 22. Nc6 $1 {[%cal Rc6b4]} Qc5 (22... Qb5 $11 23. Nxe7+ Kh8) 23. Qa4 $16 Rd2 $2 {[#]} (23... Rb7 $16) 24. Rxc4 $18 ({Less strong is} 24. Qxc4 Qxc4 25. Nxe7+ (25. Rxc4 Ba6 $16) 25... Kh8 $16) 24... Qd6 25. Qa7 Bf6 26. Nh5 Kh8 (26... Bd7 $142 27. Nxf6+ exf6) 27. Nxf6 exf6 28. Rd4 Rc2 29. Nb4 Rc5 30. Rfd1 Bd7 (30... Rb5 $142) 31. Qa6 Qxa6 32. Nxa6 Rb5 33. h4 Rc8 34. Nb4 Kg7 35. Kh2 Kf8 36. R1d2 Rcb8 37. Nd3 Ke7 38. Nf4 Rb2 $2 {[#]} (38... Rd8 39. d6+ Kf8) 39. d6+ Kf8 40. Nh5 {Precision: White = 82%, Black = 38%.} 1-0

[Event "46. Sparkassen Chess-Meeting 2018"]
[Site "Dortmund"]
[Date "2018.07.18"]
[Round "4"]
[White "Kramnik, Vladimir"]
[Black "Duda, Jan-Krzysztof"]
[Result "1-0"]
[WhiteElo "2792"]
[BlackElo "2737"]
[Annotator "TA"]
[PlyCount "73"]
[EventDate "2018.07.14"]
[EventType "tourn"]
[EventCountry "GER"]
[SourceTitle "playchess.com"]
[Source "ChessBase"]
[SourceQuality "1"]

{[%evp 20,73,41,43,47,43,45,43,51,35,30,24,16,28,29,7,25,0,12,-1,0,0,0,0,0,0,87,80,129,120,139,132,179,195,180,171,263,259,282,276,270,277,848,831,1047,1164,1108,1071,639,1158,29970,29972,5716,4727,29986,29987]} 1. c4 Nf6 2. Nc3 e5 3. Nf3 Nc6 4. g3 Bb4 5. Bg2 d6 6. O-O O-O 7. d3 Bxc3 8. bxc3 e4 9. Nd4 exd3 10. exd3 {A29: English Opening: Four Knights Variation with 4 g3} Nxd4 11. cxd4 {LiveBook: 7 Games} d5 12. Bg5 {White is slightly better.} c6 $146 ({Predecessor:} 12... h6 13. Bxf6 Qxf6 14. cxd5 Qxd4 15. Rc1 Bf5 16. Rxc7 b5 17. Qf3 Bxd3 {1-0 (75) Socko,B (2631)-Grigoriants,S (2589) Khanty-Mansiysk 2012}) 13. cxd5 cxd5 14. Qb3 b6 15. Rae1 (15. h3 {is interesting.} Re8 16. Bf4 Bd7 17. Rfc1 Qe7 18. a4) 15... h6 16. Bxf6 Qxf6 17. Re5 Be6 18. f4 Rac8 19. Rfe1 Rc7 20. Bxd5 Bxd5 21. Qxd5 Rc2 22. Re8 {White threatens Rxf8+ and mate.} Rc8 (22... g5 $11 {remains equal.}) 23. Qd7 $1 $36 {[%mdl 2048] White is in control.} Rd8 {[#]} 24. Rxd8 $1 Qxd8 {[%mdl 4096] Endgame KQR-KQR} 25. Re7 Qc8 26. Qxc8 ({Resist} 26. Qxa7 $6 Qc1+ 27. Kg2 Qc2+ 28. Kh3 Qxd3 $16) 26... Rxc8 $18 {[#] KR-KR} 27. Kf2 $1 ({Don't play} 27. Rxa7 Rc3 $16) 27... Kf8 (27... a6 {was necessary.} 28. Rb7 b5) 28. Rxa7 Rc2+ 29. Ke3 Rxh2 30. d5 {[%cal Bd4d5,Bd5d6][%mdl 32]} g5 $2 (30... Ke8 31. d6 Rg2) 31. f5 f6 32. d6 {Threatens to win with Ra8+.} Ke8 33. Kd4 h5 34. Kd5 b5 35. Ke6 {[%cal Ra7a8]} Re2+ 36. Kxf6 h4 37. Re7+ {Precision: White = 63%, Black = 42%.} 1-0

[Event "46. Sparkassen Chess-Meeting 2018"]
[Site "Dortmund"]
[Date "2018.07.18"]
[Round "4"]
[White "Wojtaszek, Radoslaw"]
[Black "Nepomniachtchi, Ian"]
[Result "1/2-1/2"]
[WhiteElo "2733"]
[BlackElo "2757"]
[Annotator "TA"]
[PlyCount "83"]
[EventDate "2018.07.14"]
[EventType "tourn"]
[EventCountry "GER"]
[SourceTitle "playchess.com"]
[Source "ChessBase"]
[SourceQuality "1"]

{[%evp 9,83,43,64,30,38,42,36,39,41,33,32,33,32,36,36,25,31,33,25,30,42,45,36,0,33,39,47,32,44,50,48,28,35,25,27,27,34,24,44,22,28,20,31,23,23,19,17,24,26,0,24,0,0,0,0,-7,-6,-6,0,-21,0,-21,-21,-25,-21,-21,0,-21,0,-10,0,-27,0,-8,0,-18]} 1. Nf3 d5 2. d4 Bf5 3. c4 e6 4. Nc3 Nf6 5. Nh4 Bb4 {LiveBook: 3 Games} 6. cxd5 {D06: Queen's Gambit: Symmetrical and Baltic Defences} Qxd5 7. e3 O-O 8. Be2 {White is slightly better.} Ne4 9. Bd2 Bxc3 10. bxc3 $146 ({Predecessor:} 10. Bxc3 Nxc3 11. bxc3 Be4 12. O-O Qa5 {½-½ (23) Gelfand,B (2703)-Nepomniachtchi,I (2757) Jerusalem 2018}) 10... Nxd2 11. Qxd2 Be4 12. f3 Qg5 13. g3 Bc6 14. e4 Qe7 15. O-O Nd7 {[%cal Bb8d7,Bd7f8,Bf8g6][%mdl 32]} 16. c4 Rfd8 17. Qe3 b6 18. f4 Bb7 19. Bf3 Nf8 20. Qc3 Rd7 21. Rad1 Rad8 22. Rf2 Ng6 23. Ng2 f5 24. e5 Bxf3 25. Rxf3 Qf7 26. Rfd3 Ne7 27. Ne3 c6 28. a4 h6 29. Qb3 Kh7 30. R1d2 g5 31. Qd1 gxf4 32. gxf4 Rg8+ 33. Kh1 Rg7 34. Qf3 Rd8 (34... Qe8 {seems wilder.} 35. Qd1 Rd8 36. Rb2 Qd7 37. Qf3 Rdg8) 35. Rg2 Rxg2 36. Kxg2 Ng6 37. Kf1 Qd7 38. Rd1 Qe8 39. Ng2 Qd7 40. Ne3 Qe8 41. Ng2 Qd7 42. Ne3 {Precision: White = 70%, Black = 60%.} 1/2-1/2

[Event "46. Sparkassen Chess-Meeting 2018"]
[Site "Dortmund"]
[Date "2018.07.18"]
[Round "4"]
[White "Nisipeanu, Liviu-Dieter"]
[Black "Giri, Anish"]
[Result "0-1"]
[WhiteElo "2672"]
[BlackElo "2782"]
[Annotator "TA"]
[PlyCount "111"]
[EventDate "2018.07.14"]
[EventType "tourn"]
[EventCountry "GER"]
[SourceTitle "playchess.com"]
[Source "ChessBase"]
[SourceQuality "1"]

{[%evp 24,111,0,7,3,-14,-17,-14,-16,-33,-31,-31,-33,-27,-32,-28,-25,-33,-33,-43,-35,-38,-40,-54,-54,-54,-54,-53,-54,-52,-39,-64,-54,-53,-52,-52,-52,-198,-202,-250,-220,-211,-212,-212,-217,-283,-262,-261,-252,-283,-283,-276,-276,-276,-267,-264,-259,-251,-250,-325,-308,-456,-444,-472,-466,-682,-642,-1389,-1138,-1816,-1829,-1583,-1501,-12843,-12844,-12844,-12845,-12845,-12845,-12846,-12846,-12847,-12847,-12847,-12848,-12850,-12850,-12850,-29976,-12851]} 1. e4 c5 2. Nf3 d6 3. d4 cxd4 4. Nxd4 Nf6 5. Nc3 a6 6. Be2 e5 7. Nb3 Be7 8. Bg5 Be6 9. Bxf6 Bxf6 10. Qd3 {B92: Sicilian Najdorf: 6 Be2} Be7 11. Rd1 Nd7 12. Nd5 Bxd5 13. Qxd5 {LiveBook: 14 Games} b5 (13... Qc7 14. c3 Nf6 15. Qd3 O-O 16. O-O Rfd8 17. Bf3 b5 {0-1 (71) Ponomariov,R (2694)-Salem,A (2638) Riadh 2017}) 14. Bg4 {[#] aiming for Bxd7+.} Nf6 $146 ({Predecessor:} 14... O-O 15. Bxd7 Qxd7 16. Qxe5 Bf6 17. Qxd6 Qxd6 18. Rxd6 Bxb2 {½-½ (56) Hurka,J (1800)-Bauer,J (1762) Czechia 2005}) 15. Qc6+ Kf8 16. Bh3 g6 17. O-O Kg7 18. Rfe1 Ra7 19. Qc3 Qb6 (19... h5 {with more complications.} 20. Qe3 Qc7 21. c3 Rb7 22. Nd2 a5) 20. Qe3 Qxe3 21. Rxe3 a5 22. a3 Rb8 23. c3 b4 24. axb4 axb4 25. c4 Rc7 26. Nd2 Ne8 27. Ree1 Bg5 28. Nf3 Bh6 29. b3 Ra8 30. Rd5 ({Better is} 30. g3 $15) 30... Ra3 $19 31. Rb1 Nf6 32. Rxd6 Nxe4 33. Rd8 Rca7 34. Nxe5 Nd2 35. Rxd2 Bxd2 36. Kf1 Ra1 37. Rxa1 Rxa1+ {[%mdl 4096] Endgame KRB-KBN} 38. Ke2 Re1+ 39. Kxd2 Rxe5 {KR-KB} 40. Bd7 Kf6 41. Bc6 Ke7 42. f4 (42. Kd3 {keeps fighting.} Kd6 43. Ba4) 42... Ra5 43. Kd3 Kd6 44. Bd5 (44. Ba4 $142 Kc5 45. g3) 44... Kc5 45. Bxf7 Ra3 46. Bg8 Rxb3+ 47. Kc2 Re3 48. Bxh7 Re2+ 49. Kb3 Rxg2 50. h4 Rg3+ 51. Kb2 b3 52. Ka3 Kxc4 53. Bg8+ Kc3 {( -> ...b2)} 54. Bxb3 Kd4 55. Kb4 {[#]} Rxb3+ $1 {[%mdl 512]} 56. Kxb3 {Precision: White = 46%, Black = 95%.} 0-1

[Event "46. Sparkassen Chess-Meeting 2018"]
[Site "Dortmund"]
[Date "2018.07.18"]
[Round "4"]
[White "Meier, Georg"]
[Black "Kovalev, Vladislav"]
[Result "1/2-1/2"]
[WhiteElo "2628"]
[BlackElo "2655"]
[Annotator "TA"]
[PlyCount "80"]
[EventDate "2018.07.14"]
[EventType "tourn"]
[EventCountry "GER"]
[SourceTitle "playchess.com"]
[Source "ChessBase"]
[SourceQuality "1"]

{[%evp 22,80,0,0,17,9,20,18,21,17,20,8,13,18,20,0,0,0,4,0,0,0,0,0,0,0,0,0,0,0,0,0,0,0,0,0,0,0,21,21,21,21,21,21,21,21,21,22,22,8,0,3,75,10,75,0,0,0,0,0,0]} 1. d4 Nf6 2. c4 e6 3. Nf3 d5 4. g3 Be7 5. Bg2 O-O 6. O-O dxc4 7. Qc2 a6 8. a4 Bd7 9. Qxc4 Bc6 10. Bf4 Bd6 {E05: Open Catalan: 5 Nf3 Be7} 11. Qc1 a5 12. Bd2 {LiveBook: 3 Games} Nbd7 13. Nc3 Ne4 $146 ({Predecessor:} 13... Qe7 14. Qc2 Bb4 15. Rfe1 Bxf3 16. Bxf3 c6 17. Rad1 Rad8 18. e4 {½-½ (38) Eljanov,P (2713)-Thybo,J (2479) Reykjavik 2018}) 14. Nxe4 Bxe4 15. Ng5 Bxg2 16. Qc2 {[%csl Gg5][%cal Rc2h7]} Nf6 17. Kxg2 c5 18. Bc3 {dxc5 is the strong threat.} cxd4 19. Bxd4 Rc8 $132 {[%mdl 2048] Black puts up resistance} 20. Qb1 e5 21. Bc3 b6 22. Rd1 {Hoping for Bxe5!} Qe7 23. Ne4 Qb7 24. f3 Nxe4 25. Qxe4 Qxe4 26. fxe4 Rfd8 27. Rd5 f6 28. Rad1 Be7 29. Rxd8+ Rxd8 (29... Bxd8 {is more complex.} 30. Rd7 Kf8 31. Kf3 Be7 32. Rb7 Bd8) 30. Rxd8+ Bxd8 $11 {[%mdl 4096] Endgame KB-KB} 31. Kf3 Kf7 32. Ke3 Ke6 33. Kd3 Kd7 34. Kc4 Kc6 35. b4 axb4 36. Bxb4 h5 {[#]} (36... Bc7 $11) 37. h3 $1 $16 Bc7 {[#]} (37... g6 $1 $11) 38. g4 (38. Bf8 $1 $16) 38... hxg4 $11 {The position is equal.} 39. hxg4 Bd6 40. Bd2 Be7 {Precision: White = 83%, Black = 66%.} 1/2-1/2

[Event "46. Sparkassen Chess-Meeting 2018"]
[Site "Dortmund"]
[Date "2018.07.20"]
[Round "5"]
[White "Giri, Anish"]
[Black "Wojtaszek, Radoslaw"]
[Result "1/2-1/2"]
[WhiteElo "2782"]
[BlackElo "2733"]
[Annotator "TA"]
[PlyCount "114"]
[EventDate "2018.07.14"]
[EventType "tourn"]
[EventCountry "GER"]
[SourceTitle "playchess.com"]
[Source "ChessBase"]
[SourceQuality "1"]

{[%evp 17,114,11,7,10,9,6,17,1,12,0,11,11,16,14,34,27,39,39,37,36,40,37,32,45,39,22,27,9,25,-4,7,0,23,-4,-4,-4,-4,-5,-5,-10,-11,-11,-11,-11,-12,-13,37,22,35,33,34,31,31,28,31,32,33,31,45,49,48,45,50,18,23,27,22,30,36,9,19,0,0,0,0,0,0,0,0,0,0,0,0,0,0,0,0,0,0,0,0,0,0,0,0,0,0,0,0]} 1. c4 Nf6 2. Nf3 e6 3. g3 d5 4. Bg2 dxc4 5. Qa4+ Bd7 6. Qxc4 {A13: English Opening: 1...e6} c5 7. Ne5 (7. d4 Bc6 8. dxc5 Nbd7 9. Be3 Bd5 10. Qc2 Be4 11. Qc1 Ng4 12. b4 a5 13. Bg5 f6 14. Bd2 axb4 15. Bxb4 Nxc5 16. Bxc5 Rc8 17. Qc4 Bxc5 18. Qxe6+ {½-½ (41) Ding,L (2769)-Aronian,L (2794) Berlin 2018}) 7... Qc8 8. Qd3 Nc6 9. Nxd7 Nxd7 {LiveBook: 28 Games} 10. b3 Be7 11. Bb2 O-O 12. Nc3 Rd8 13. Rc1 Nf6 $146 ({Predecessor:} 13... Nde5) 14. Qb1 Qd7 15. d3 Nd4 16. O-O Nd5 17. Rfe1 Nxc3 18. Bxc3 Rac8 19. e3 Nf5 20. Red1 b6 21. Qb2 Bf8 22. Qe2 g6 23. Be1 Qb5 24. Bf1 a5 25. Rc2 Ne7 26. Qg4 Qe8 27. Qa4 Nd5 28. Qxe8 Rxe8 29. a3 Ra8 30. Rb1 Reb8 31. Bd2 b5 32. e4 Nf6 33. Bf4 $36 {[%mdl 2048] Black is under pressure.} Rb7 34. Be3 Nd7 35. e5 Rd8 36. f4 Rbb8 37. Bg2 c4 38. dxc4 bxc4 39. Rxc4 {Black must now prevent Ba7.} Bxa3 40. Rd1 (40. Ba7 {looks sharper.} Rbc8 41. Rd1 Nf8 42. Ra1 Bb4 43. Rac1) 40... Nf8 41. Rxd8 Rxd8 42. Be4 Rb8 43. Bc2 Nd7 {The position is equal.} 44. Rc7 Nb6 $1 {[%cal Rb6d5] [#] And now ...Nd5 would win.} 45. Be4 (45. Bd4 {seems wilder.} Nd5 46. Rc4 Nb6 47. Rc6 Nd5 48. Rc4) 45... Nd5 46. Bxd5 exd5 $11 {[%mdl 4096] Endgame KRB-KRB} 47. Bd4 Kf8 48. Bc5+ Bxc5+ 49. Rxc5 Rxb3 50. Rxa5 {KR-KR} Rd3 51. Kf2 Rd2+ 52. Ke3 Rxh2 53. Rxd5 h5 54. Rd7 Rg2 55. Kf3 Rb2 56. Ra7 Rb3+ 57. Kf2 Rb2+ {Precision: White = 63%, Black = 66%.} 1/2-1/2

[Event "46. Sparkassen Chess-Meeting 2018"]
[Site "Dortmund"]
[Date "2018.07.20"]
[Round "5"]
[White "Nepomniachtchi, Ian"]
[Black "Kramnik, Vladimir"]
[Result "1-0"]
[WhiteElo "2757"]
[BlackElo "2792"]
[Annotator "TA"]
[PlyCount "81"]
[EventDate "2018.07.14"]
[EventType "tourn"]
[EventCountry "GER"]
[SourceTitle "playchess.com"]
[Source "ChessBase"]
[SourceQuality "1"]

{[%evp 14,81,43,10,45,46,71,45,56,58,53,43,41,47,27,19,19,20,68,0,-8,-13,37,31,35,45,45,43,30,44,35,36,77,66,79,72,86,67,158,154,155,141,125,127,189,179,242,237,221,116,288,305,431,417,493,435,461,426,529,517,552,557,693,671,981,691,650,643,801,768]} 1. e4 e5 2. Nf3 Nc6 3. Bb5 a6 4. Ba4 Nf6 5. O-O Bc5 6. c3 b5 7. Bb3 d6 8. a4 {LiveBook: 543 Partien. Und weiter mit axb5 wäre nett.} b4 {C78: Spanische Partie (Archangelsk- und Möller-Variante)} (8... Rb8 9. d4 Bb6 10. a5 Ba7 11. Be3 exd4 12. cxd4 Bg4 13. Qc1 Qd7 14. Nbd2 O-O 15. e5 dxe5 16. Nxe5 Nxe5 17. dxe5 Bxe3 18. fxe3 Rbd8 19. exf6 Qxd2 20. fxg7 Kxg7 21. Qc5 Rd6 22. Qe5+ Kg6 23. Rf2 f6 24. Qf4 {1-0 (24) Yu,Y (2760)-Shankland,S (2671) Liaocheng 2018}) 9. d4 Ba7 10. Bg5 $146 ({Vorgänger:} 10. dxe5 dxe5 11. Qxd8+ Nxd8 12. cxb4 Nc6 13. Bg5 Rb8 14. Rc1 Bd7 15. Bxf6 gxf6 {½-½ (32) Zhao,Z (2567)-Paciencia,E (2440) Dresden 2008}) 10... Rb8 {Weiß steht etwas besser.} 11. Bd5 Ne7 12. dxe5 Nfxd5 13. exd5 {[#] zielt auf Te1 ab.} O-O 14. exd6 Qxd6 15. c4 {[%cal Bc3c4,Bc4c5][%mdl 32]} Nf5 16. Nbd2 (16. Qc1 $1 $14) 16... f6 $11 17. Bh4 $1 Qf4 18. Bg3 $1 {[%cal Rg3f4]} Nxg3 19. hxg3 Qxg3 20. c5 $1 $36 {[%mdl 2048] Weiss hat Druck.} Qg6 ({Aber nicht} 20... Bxc5 $2 21. Ne4 $18) 21. Rc1 Qf7 22. Ne4 Re8 23. Re1 Bf5 {[#]} 24. Ng3 $1 {[%cal Rg3f5]} Rxe1+ 25. Qxe1 Bg4 (25... Bg6 $14) 26. Qe4 $16 h5 27. Nf5 Re8 28. Qd3 Bb8 (28... Qd7 $16 29. N3h4 Re5) 29. N3h4 $18 Be2 (29... Qd7 $142 30. Ne3 a5) 30. Qd2 Bg4 31. Ne3 (31. Qxb4 $18 Kh7 32. Qd2) 31... Bd7 $2 (31... f5 $16 {war einen Versuch wert.}) 32. Qxb4 a5 (32... Qe7 $142 33. Qb3 Qf7) 33. Qxa5 c6 34. d6 {Weiß steht klar auf Gewinn.} Qb3 35. Qc3 Qxa4 36. Nhf5 Qe4 37. Ne7+ Kh8 38. Qb3 Rf8 39. Qc2 Qxc2 40. Nxc2 Kh7 41. Nd4 {Precision: Weiß = 86%, Schwarz = 38%.} 1-0

[Event "46. Sparkassen Chess-Meeting 2018"]
[Site "Dortmund"]
[Date "2018.07.20"]
[Round "5"]
[White "Duda, Jan-Krzysztof"]
[Black "Meier, Georg"]
[Result "1/2-1/2"]
[WhiteElo "2737"]
[BlackElo "2628"]
[Annotator "TA"]
[PlyCount "66"]
[EventDate "2018.07.14"]
[EventType "tourn"]
[EventCountry "GER"]
[SourceTitle "playchess.com"]
[Source "ChessBase"]
[SourceQuality "1"]

{[%evp 9,66,8,19,6,6,0,4,0,8,0,31,22,39,0,0,0,0,0,0,0,0,-1,11,20,9,-8,8,-4,0,0,0,-4,19,6,7,-15,0,0,0,-3,-3,-4,0,0,0,-6,0,0,0,0,0,0,0,0,0,0,0,0,0]} 1. Nf3 d5 2. c4 e6 3. e3 Nf6 4. Nc3 Be7 5. b3 dxc4 (5... O-O 6. Bb2 b6 7. cxd5 Nxd5 8. Nxd5 exd5 9. Qc2 c5 10. a3 Nc6 11. Bb5 Bb7 12. O-O Rc8 13. Rac1 a6 14. Be2 d4 {½-½ (36) Carlsen,M (2843)-Karjakin,S (2782) Stavanger 2018}) 6. Bxc4 {A17: English Opening: 1...Nf6 with ...Bb4} a6 7. Bb2 b5 $146 ({Predecessor:} 7... O-O 8. Be2 c5 9. Rg1 b5 10. g4 b4 11. Na4 Bb7 12. g5 {0-1 (99) Khismatullin,D (2628)-Grachev,B (2645) Sochi 2017}) 8. Be2 Bb7 9. g4 h6 10. Rg1 $1 g5 11. Ne5 Nbd7 {The position is equal.} 12. Nxd7 Qxd7 13. Bf3 O-O-O {[#] White must now prevent ...Bxf3.} 14. Bxb7+ Kxb7 15. Qf3+ Qc6 16. Qxc6+ Kxc6 17. Ne2 Rh7 (17... Kb6 {looks sharper.} 18. f3 Rhf8 19. Ng3 Nd5 20. Ke2 f5) 18. Rc1+ (18. Nd4+ {seems wilder.} Kb6 19. Ke2 h5 20. h3 c5 21. Nf3) 18... Kb7 19. Bxf6 Bxf6 20. h3 Be5 21. Rc2 h5 22. Nc1 hxg4 23. hxg4 Bh2 24. Rg2 Bd6 25. Ke2 Rh1 26. Nd3 Rdh8 27. Ne1 Be7 28. Nf3 Kb6 29. Ne5 R8h7 30. Nd7+ Kb7 31. Nc5+ Kb6 32. Nd7+ Kb7 33. Nc5+ Kb6 {Precision: White = 68%, Black = 54%.} 1/2-1/2